| 000 | 00342 a2200133 4500 | ||
|---|---|---|---|
| 020 | _a8176251038 | ||
| 082 | _a629.477 | ||
| 090 |
_c1762 _d1762 |
||
| 100 | _aGupta, Sunit. | ||
| 245 |
_aEnviroment Crises and Management: India Case _cSunit Gupta |
||
| 260 |
_aNew Delhi _bSarup & Sons _c2000 |
||
| 300 | _a427 | ||
| 942 |
_aNBS _cBK _k629.477 GUP |
||
| 999 |
_c344276 _d344276 |
||